| 000 | 00368nam a22001457a 4500 | ||
|---|---|---|---|
| 005 | 20240708132843.0 | ||
| 008 | 240708b |||||||| |||| 00| 0 eng d | ||
| 020 | _a978-93-90923-97-7 | ||
| 041 | _aeng | ||
| 100 |
_aKOTHARI, ATUL _98395 |
||
| 245 | _aAN ALTERNATIVE PERSPECTIVE ON EDUCATION | ||
| 260 |
_aNEW DELHI _bPRABHAT PRAKASHAN |
||
| 300 | _a262;P | ||
| 942 | _cBK | ||
| 999 |
_c8574 _d8572 |
||